Αιγαίο των αγγέλων : 15 τραγούδια της θάλασσας σε βυζαντινή μουσική σημειογραφία
Αποθηκεύτηκε σε:
| Κύριος συγγραφέας: | |
|---|---|
| Μορφή: | Βιβλίο |
| Γλώσσα: | Greek |
| Δημοσίευση: |
[χ.τ.] :
Φίλιππος Νάκας,
c1999
|
| Θέματα: | |
| Ετικέτες: |
Προσθήκη ετικέτας
Δεν υπάρχουν, Καταχωρήστε ετικέτα πρώτοι!
|
MARC
| LEADER | 00000cam a2200000 i 4500 | ||
|---|---|---|---|
| 001 | 1/9724 | ||
| 008 | 000824s1999 gre d | ||
| 020 | |a 960-290-395-3 | ||
| 035 | |l 10063171 | ||
| 040 | |a GR-MY-UA |b gre |e aacr | ||
| 041 | 0 | |a gre | |
| 082 | 0 | |a 782.4216289 | |
| 100 | 1 | |a Σουλακέλλης, Θεοφάνης Α., |d 1963- | |
| 245 | 1 | 0 | |a Αιγαίο των αγγέλων : |b 15 τραγούδια της θάλασσας σε βυζαντινή μουσική σημειογραφία / |c Θεοφάνης Α. Σουλακέλλης |
| 260 | |a [χ.τ.] : |b Φίλιππος Νάκας, |c c1999 | ||
| 300 | |a 79 σ. | ||
| 500 | |a Περιέχει παρτιτούρες | ||
| 504 | |a Περιέχει βιβλιογραφία | ||
| 650 | 0 | |a Folk songs, Greek |z Aegean Islands (Greece and Turkey) | |
| 650 | 0 | |a Music |z Aegean Islands (Greece and Turkey) |x History. | |
| 650 | 0 | 0 | |a Sight-reading (Music) |
| 852 | |a INST |b LESVOS |e 20000824 |h 782.4216289 ΣΟΥ |p 005100024311 |q 005100024311 |t BK |y 0 | ||
| 901 | |a BIBL1-2000-2 | ||
| 909 | |a Σ |b 077241 | ||
| 970 | |z 2000/08/ΧΡΥΣΑΝΘΗ | ||